| 000 | 02141 a2200241 4500 | ||
|---|---|---|---|
| 001 | 3587 | ||
| 005 | 20260407155429.0 | ||
| 008 | 260407a2010 arg spa d | ||
| 003 | AR-UNSa-BCEJYS | ||
| 040 |
_aAR-UNSa-BCEJYS _bspa _cAR-UNSa-BCEJYS |
||
| 080 |
_a336.226.1 _xImpuestos a las ganancias o los beneficios (Impuesto Diferido) |
||
| 245 | 1 | 0 | _aImpuesto a las ganancias |
| 020 | _a978-987-1436-34-7 | ||
| 250 | _a5a. ed. | ||
| 264 | 1 |
_aCórdoba : _bAsociación Cooperadora de la Facultad de Ciencias Económicas de la Universidad Nacional de Córdoba. _c2010 |
|
| 300 |
_axxiv, 658 p. _c25 cm. |
||
| 505 | _a1. Características y objeto del impuesto a las ganancias. Esquema de liquidación - 2. Vínculo jurisdiccional - 3. Sujetos. Deducciones personales. Exenciones - 4. Contabilidad fiscal. Método de imputación quebrantos. Deducciones no admitidas - 5. Ganancias de la primera categoría: renta del suelo - 6. Ganancias de la segunda categoría renta de capitales - 7. Ganancias de la tercera categoría: beneficios de las empresas y ciertos auxiliares de comercio determinación de las ganancias en la tercera categoría - 8. Ganancias de la tercera categoría: beneficios de las empresas y ciertos auxiliares de comercio valuación de inventarios - 9. Ganancias de la tercera categoría: beneficios de las empresas y ciertos auxiliares de comercio deducibilidad de malos créditos - 10. Ganancias de la tercera categoría: beneficios de las empresas y ciertos auxiliares de comercio sociedad de capital. Reorganización y transferencia de empresas. Ajuste por inflación - 11. Ganancias de la cuarta categoría renta del trabajo personal - 12. Regímenes de retención y percepción - 13. Rentas de fuente extranjera y precios de transferencia - 14. Impuesto a la ganancia mínima presunta - 15. Impuesto a la transferencia de inmuebles de personas físicas y sucesiones indivisas | ||
| 041 | _aspa | ||
| 942 | _cBK | ||
| 590 | _aniveau_biblio:m niveau_hierar:0 | ||
| 100 | 1 | _aManassero, Carlos José | |
| 856 | 4 | 1 |
_uhttps://biblioeco.unsa.edu.ar/pmb/images/libros/Impuesto a las Ganancias.jpg _yImagen de portada _qimage/jpeg |
| 999 |
_c337 _d337 |
||